Crisis de la energía /

Shranjeno v:
Bibliografske podrobnosti
Glavni avtor: Furtado, Celso
Format: Texto
Teme:
Oznake: Označite
Brez oznak, prvi označite!

MARC

LEADER 00000 a a2200000 04500
001 5049
003
040
100 |a Furtado, Celso  
245 |a Crisis de la energía /  |c Celso Furtado 
650 |a ENERGIA  
773 |g número 62; páginas 1-14  
999 |c 32959  |d 32959